书目信息 |
| 题名: |
考博专业课真题与难题详解
|
|
| 作者: | 金圣才 主编 | |
| 分册: | 宏观经济学 | |
| 出版信息: | 北京 中国石化出版社 2007.02 |
|
| 页数: | 272页 | |
| 开本: | 26cm | |
| 丛书名: | 考博专业课辅导系列 | |
| 单 册: | ||
| 中图分类: | F015-44 | |
| 科图分类: | ||
| 主题词: | 宏观经济学--hong guan jing ji xue--研究生--入学考试--解题 | |
| 电子资源: | ||
| ISBN: | 978-7-80229-262-8 | |
| 000 | 01120nam 2200253 450 | |
| 001 | 012007510785 | |
| 005 | 20070930111557.35 | |
| 010 | @a978-7-80229-262-8@dCNY38.00 | |
| 100 | @a20070804d2007 km y0chiy0120 ea | |
| 101 | 0 | @achi |
| 102 | @aCN@b110000 | |
| 105 | @aa q 000yy | |
| 200 | 1 | @a考博专业课真题与难题详解@Akao bo zhuan ye ke zhen ti yu nan ti xiang jie@i宏观经济学@f金圣才主编@Fjin sheng cai zhu bian |
| 210 | @a北京@c中国石化出版社@d2007.02 | |
| 215 | @a272页@c图@d26cm | |
| 225 | 2 | @a考博专业课辅导系列@Akao bo zhuan ye ke fu dao xi lie |
| 330 | @a全书共9章,每章由两部分组成:第一部分是名校考博真题详解,其考博真题是从30余所名校近3年100余份宏观经济学考博试题中精选出来的,并对所有试题进行了分析和解答;第二部分为考博常考难题详解,参考大量国内外相关资料设计和改编了在考博试题中经常涉及到的难题,并提供了详细的参考答案。 | |
| 410 | 0 | @12001 @a考博专业课辅导系列 |
| 517 | 1 | @a宏观经济学@Ahong guan jing ji xue |
| 606 | 0 | @a宏观经济学@Ahong guan jing ji xue@x研究生@x入学考试@j解题 |
| 690 | @aF015-44@v4 | |
| 701 | 0 | @a金圣才@Ajin sheng cai@4主编 |
| 801 | 0 | @aCN@c20070930 |
| 905 | @dF643@eJ800 | |
| 考博专业课真题与难题详解.宏观经济学/金圣才主编.-北京:中国石化出版社,2007.02 |
| 272页:图;26cm.-(考博专业课辅导系列) |
| ISBN 978-7-80229-262-8:CNY38.00 |
| 全书共9章,每章由两部分组成:第一部分是名校考博真题详解,其考博真题是从30余所名校近3年100余份宏观经济学考博试题中精选出来的,并对所有试题进行了分析和解答;第二部分为考博常考难题详解,参考大量国内外相关资料设计和改编了在考博试题中经常涉及到的难题,并提供了详细的参考答案。 |
| ● |
| 相关链接 |
|
|
|
正题名:考博专业课真题与难题详解
索取号:F643/J800
 
预约/预借
| 序号 | 登录号 | 条形码 | 馆藏地/架位号 | 状态 | 备注 |
| 1 | 255596 | 202555966 | 社科库409/409社科库 40排4列2层/ [索取号:F643/J800] | 在馆 | |
| 2 | 255597 | 202555975 | 社科库409/409社科库 40排4列2层/ [索取号:F643/J800] | 在馆 |